| 000 | 01216nam a2200337 a 4500 | ||
|---|---|---|---|
| 001 | 81445 | ||
| 003 | BD-RjUL | ||
| 005 | 20230523151259.0 | ||
| 008 | 230523s2017 mauab b 001 0 eng | ||
| 020 |
_a1305578260 _q(Student edition) |
||
| 020 |
_a9781305578265 _q(Student edition) |
||
| 020 |
_a9781305671119 _q(Instructor's edition) |
||
| 020 |
_a1305671112 _q(Instructor's edition) |
||
| 035 | _a(BD-RjUL)81445 | ||
| 040 |
_aMRB _beng _cMRB _erda _dOCLCF _dDLC _dBD-RjUL |
||
| 041 | _aeng | ||
| 082 |
_223 _a910.021 _bHOF 2017 |
||
| 100 | 1 |
_aHobbs, Joseph J. _q(Joseph John), _d1956- _eauthor. _97627 |
|
| 245 | 1 | 0 |
_aFundamentals of world regional geography / _cJoseph J. Hobbs, University of Missouri ; cartography by Andrew Dolan. |
| 250 | _aFourth edition. | ||
| 250 | _aSiudent edition. | ||
| 264 | 1 |
_aBoston, MA, USA : _bCengage Learning, _c2017 |
|
| 300 |
_axviii, 552, [38] pages : _billustrations (chiefly color), color maps ; _c28 cm |
||
| 336 |
_atext _btxt _2rdacontent |
||
| 337 |
_aunmediated _bn _2rdamedia |
||
| 338 |
_avolume _bnc _2rdacarrier |
||
| 504 | _aIncludes bibliographical references and index. | ||
| 650 | 0 |
_aGeography _vTextbooks. _92777 |
|
| 942 |
_2ddc _cBK |
||
| 999 |
_c81445 _d81445 |
||